Statistics for Uralic languages

Click here to take the quiz!

General Stats

  • This quiz has been taken 20 times
  • The average score is 19 of 48

Answer Stats

Answer% Correct
FinnicEstonian
100%
FinnicFinnish
100%
UgricHungarian
100%
FinnicKarelian
68%
SaamiNorthern
68%
FinnicIngrian
58%
Finnic (extinct)Livonian
58%
SaamiSouthern
58%
PermicUdmurt
58%
MariHill
53%
UgricKhanty
53%
UgricMansi
53%
SamoyedicNenets
53%
FinnicVeps
53%
MordvinicErzya
47%
PermicKomi
47%
MariMeadow
47%
FinnicVoro
47%
SamoyedicEnets
42%
SaamiInari
42%
MordvinicMoksha
42%
PermicPermyak
42%
SaamiKildin
37%
SamoyedicNganasan
37%
SamoyedicSelkup
37%
FinnicVotic
37%
FinnicLudic
32%
SaamiLule
32%
FinnicMeankieli
32%
SaamiPite
32%
SaamiSkolt
32%
SaamiTer
32%
Saami (extinct)Akkala
26%
MariNorthwestern
26%
SaamiUme
26%
FinnicKven
21%
FinnicLivvi
21%
FinnicSeto
21%
PermicYazva
21%
Samoyedic (extinct)Kamassian
16%
Saami (extinct)Kemi
16%
Finno-Ugric (extinct)Merya
16%
Saami (extinct)Kainuu
11%
Samoyedic (extinct)Koibal
11%
Samoyedic (extinct)Mator
11%
Finno-Ugric (extinct)Meshchera
11%
Finno-Ugric (extinct)Muroma
11%
Samoyedic (extinct)Yurats
11%

Score Distribution

Percentile by Number Answered

Percent of People with Each Score

Your Score History

You have not taken this quiz